NLSUI OPAC header image

Letters from Vatican City : Vatican Council II first session, background and debates (Record no. 38939)

MARC details
000 -LEADER
fixed length control field 00449nam a2200157Ia 4500
008 - FIXED-LENGTH DATA ELEMENTS--GENERAL INFORMATION
fixed length control field 160316s1963 xxu||||| |||| 00| 0 eng d
082 ## - DEWEY DECIMAL CLASSIFICATION NUMBER
Classification number 262.520000
Item number RAY
100 ## - MAIN ENTRY--PERSONAL NAME
Personal name Rynne Xavier
245 ## - TITLE STATEMENT
Title Letters from Vatican City : Vatican Council II first session, background and debates
250 ## - EDITION STATEMENT
Edition statement
260 ## - PUBLICATION, DISTRIBUTION, ETC.
Place of publication, distribution, etc. New York
Name of publisher, distributor, etc. Farrar, Straus & Company
Date of publication, distribution, etc. 1963
300 ## - PHYSICAL DESCRIPTION
Extent 289p
Other physical details
Dimensions
365 ## - TRADE PRICE
Price amount Gratis
650 ## - SUBJECT ADDED ENTRY--TOPICAL TERM
Topical term or geographic name entry element 1. Vatican Council
700 ## - ADDED ENTRY--PERSONAL NAME
Personal name
--
Holdings
Withdrawn status Lost status Damaged status Not for loan Home library Current library Shelving location Date acquired Total Checkouts Full call number Barcode Date last seen Price effective from Koha item type
        . . Library Compactors 30.05.2017   262.52 RAY 32627 30.05.2017 30.05.2017 BOOKs